000
00202 a2200097 4500
001
18221
100
_a
Sharp, P
245
_a
Adventure stories for boys
260
_a
_b
Hamlyn
_c
090
_c
13515
_d
13515
942
_a
NUST-CAE
_c
M
_c
3909
999
_c
253294
_d
253294